| 000 | 01372nam a22002057a 4500 | ||
|---|---|---|---|
| 005 | 20251210163533.0 | ||
| 008 | 250409b |||||||| |||| 00| 0 eng d | ||
| 020 | _a9780143453581 | ||
| 040 | _cAL | ||
| 041 | _aEnglish | ||
| 082 |
_a820.33 _bCHAY |
||
| 100 |
_aStuti Changle _9248720 |
||
| 245 |
_aYou only live once _b: One for passion two for love three for friendship |
||
| 260 |
_aIndia _bPenguin Random House _c2021 |
||
| 300 |
_a234 P. _bPB _c19.5x13 cm. |
||
| 365 |
_aXWNY-1709943 _b₹170.05 _c₹ _d₹170.05 _f19-03-2025 |
||
| 520 | _aWhat if you ran away from your life today? Twenty years later, three people are looking for you. One is dying to meet you again. The other wishes you had never met them. The third wishes they could have met you at least once. You are one person. Aren’t you? But you are not the same person to each of them. Find the answers about your own life in this story about searching for love and discovering yourself. Join a broken but rising YouTube star Alara, a struggling but hopeful stand-up comedian Aarav, and a zany but zen beach shack owner Ricky. Together, take the journey to seek the truth behind the famous singer Elisha’s disappearance somewhere by the deep sea in Goa. Will you be able to find Elisha? Or will you end up finding yourself? | ||
| 650 |
_aIndian English Fiction _9208047 |
||
| 942 |
_2ddc _cBK |
||
| 999 |
_c234134 _d234134 |
||